| 000 | 00665nam a2200229Ia 4500 | ||
|---|---|---|---|
| 003 | OSt | ||
| 005 | 20220925200438.0 | ||
| 006 | a|||||r|||| 00| 0 | ||
| 007 | ta | ||
| 008 | 220923b |||||||| |||| 00| 0 eng d | ||
| 037 | _cGeneral Book | ||
| 040 |
_aRTL _cRTL _beng |
||
| 041 |
_2eng _aeng |
||
| 082 | _aY.245H.N9, N3 | ||
| 100 |
_aTobdan _9149936 |
||
| 245 | 0 |
_aPeople of the upper valley _b The stopas of Lahul in |
|
| 260 |
_aDelhi _bBook India Publishing _c1993 |
||
| 300 |
_aviii, 138p _ccm. |
||
| 500 | _aBibliography : P 125-32; Appendix: P 106-24 | ||
| 942 |
_hY.245H.N9, N3 _cGB _2CC |
||
| 999 |
_c536686 _d536686 |
||